| 000 | 01153cam a2200253 4500 | ||
|---|---|---|---|
| 001 | X115680 | ||
| 008 | 011122n2001 000 0 eng u | ||
| 035 | _a(Sirsi) u115680 | ||
| 245 | _aLandlord and Tenant | ||
| 260 | _c2001 | ||
| 490 |
_aEstates Gazette _v[2001] 46 EG 180 (CS) (17/11/01) |
||
| 520 | _a"Ashworth Frazer Ltd v Gloucester CC" HL 8 November 2001. HL allowed a cross appeal by A on the construction question but rejected the main appeal by G on the reasonableness question.(For CA decision see Abs62094) . Full copy of HL judgement available on http://www.parliament.the-stationery-office.co.uk/pa/ld200102/ldjudgmt/jd011108/ashwth-1.htm. | ||
| 650 | _aASHWORTH FRAZER LTD V GLOUCESTER CC | ||
| 650 | _aTOWN AND COUNTRY PLANNING (USE CLASSES) ORDER 1963 | ||
| 650 | _aCOVENANTS | ||
| 650 | _aASSIGNMENT OF LEASES | ||
| 650 | _aWITHOLDING OF CONSENT | ||
| 650 | _aCONSENT TO ASSIGN | ||
| 650 | _aREFUSAL | ||
| 650 | _aCOMMERCIAL LEASES | ||
| 690 | _aLANDLORD AND TENANT-BUSINESS TENANCIES-CASE LAW | ||
| 856 | _uhttps://www.parliament.the-stationery-office.co.uk/pa/ld200102/ldjudgmt/jd011108/ashwth-1.htm | ||
| 942 | _n0 | ||
| 999 |
_c68898 _d68898 |
||